000 00272nam a2200109 a 4500
008 101209s1989|||| d
245 1 0 _aUmenie v živote človeka
_bEstetické minimum
260 _bSmena
_aBratislava
_c1989
020 _c24
041 _aslo
044 _axo
_cSK
999 _c14990
_d14990